Catálogo de la Biblioteca Horacio González - Universidad Nacional de General Sarmiento

Conversations in clave (Registro nro. 53449)

Detalles MARC
000 -CABECERA
campo de control de longitud fija 00722ngm a22002890a 4500
001 - NÚMERO DE CONTROL
campo de control PT43575
003 - IDENTIFICADOR DEL NÚMERO DE CONTROL
campo de control AR-LpoUNG
005 - FECHA Y HORA DE LA ÚLTIMA TRANSACCIÓN
campo de control 20210201232341.0
007 - CAMPO FIJO DE DESCRIPCIÓN FÍSICA--INFORMACIÓN GENERAL
campo de control de longitud fija co ||u|||uuuuu
008 - DATOS DE LONGITUD FIJA--INFORMACIÓN GENERAL
campo de control de longitud fija 191001s2000||||xxu|||||||||||||||||eng d
040 ## - FUENTE DE LA CATALOGACIÓN
Centro catalogador/agencia de origen AR-LpoUNG
Lengua de catalogación spa
Centro/agencia transcriptor AR-LpoUNG
Normas de descripción aacr
041 ## - CÓDIGO DE LENGUA
Código de lengua del texto/banda sonora o título independiente eng
044 ## - CÓDIGO DEL PAÍS DE LA ENTIDAD EDITORA/PRODUCTORA
Código MARC del país xxu
082 0# - NÚMERO DE LA CLASIFICACIÓN DECIMAL DEWEY
Número de clasificación 781.72 557con
100 1# - ENTRADA PRINCIPAL--NOMBRE DE PERSONA
Nombre de persona Hernandez, Horacio
245 10 - MENCIÓN DE TÍTULO
Título Conversations in clave
260 ## - PUBLICACIÓN, DISTRIBUCIÓN, ETC.
Lugar de publicación, distribución, etc. Miami :
Nombre del editor, distribuidor, etc. Warner bros.,
Fecha de publicación, distribución, etc. 2000.
300 ## - DESCRIPCIÓN FÍSICA
Extensión son.
650 #4 - PUNTO DE ACCESO ADICIONAL DE MATERIA--TÉRMINO DE MATERIA
Término de materia o nombre geográfico como elemento de entrada INSTRUMENTOS MUSICALES
650 #4 - PUNTO DE ACCESO ADICIONAL DE MATERIA--TÉRMINO DE MATERIA
Término de materia o nombre geográfico como elemento de entrada MUSICA
651 #4 - PUNTO DE ACCESO ADICIONAL DE MATERIA--NOMBRE GEOGRÁFICO
Nombre geográfico DOCUMENTOS TEORICOS O METODOLOGICOS
653 ## - TÉRMINO DE INDIZACIÓN--NO CONTROLADO
Término no controlado MUSICA AFRO-CUBANA
653 ## - TÉRMINO DE INDIZACIÓN--NO CONTROLADO
Término no controlado PERCUSION
653 ## - TÉRMINO DE INDIZACIÓN--NO CONTROLADO
Término no controlado TECNICAS DE ESTUDIO
905 ## - ELEMENTOS DE DATOS E LOCAL, LDE (RLIN)
a 43575
942 ## - ELEMENTOS DE PUNTO DE ACCESO ADICIONAL (KOHA)
Tipo de ítem Koha CDROM
Existencias
Estado de retiro Estado de pérdida Estado dañado No para préstamo Código de colección Localización permanente Ubicación/localización actual Fecha de adquisición Total de préstamos Signatura topográfica completa Código de barras Fecha visto por última vez Precio válido a partir de Tipo de ítem Koha
        Colección Referencia Biblioteca Universidad Nacional de General Sarmiento Biblioteca Universidad Nacional de General Sarmiento 01/02/2021   781.72 557con 00051565 01/02/2021 01/02/2021 CDROM
        Colección Referencia Biblioteca Universidad Nacional de General Sarmiento Biblioteca Universidad Nacional de General Sarmiento 01/02/2021   781.72 557con 00055997 01/02/2021 01/02/2021 CDROM